00503nam a2200193Ia 4500008004100000020001800041050001400059100001500073245004400088245005100132260001500183260001600198260000900214300001500223300002700238300001000265440002600275500000800301170918s9999 xx 000 0 und d a9780590426602 bM821 1971 aMoore, Eva 4aThe story of George Washington carver / cEva Moore ; illustrated by Alexander Anderson. aNew York : bScholastic, c1971 a96 pages : bcolored illustration ; c19cm. aScholastic biography. a700